00931nam a2200217 a 450000100100000000500170001000800410002704000250006808200150009310000240010824501190013226000330025130000210028449000370030559000750034270000400041783000440045704900090050195201860051099900170069600003478720200930073913.0111019s1960 mx 000 0 spa d aDO-SdBNPbspacBNPHU axxxxbM5231 aMeliujin, S.96028113aEl problema de lo finito y lo infinito. /cS. Meliujin ; traducción directa del ruso por Lydia Kuper de Velasco. aMéxico :bGrijalbo,c1960. a275 p. ;c23 cm.1 aCiencias económicas y sociales aPerteneció a la biblioteca personal de Juan Isidro Jimenes Grullón1 aKuperde Velasco, Lydia,etr.960282 0aCiencias económicas y sociales960179 aBNPD 001050718MOaGRbGRcCTd2011-10-19iLF1l0oxxxx M523p34787-10r2020-06-25w2020-06-25y1zPerteneció a la biblioteca personal de Juan Isidro Jimenes -GrullónZNo se presta c34278d34278